<?xml version="1.0" encoding="UTF-8"?>
<collection xmlns="http://www.loc.gov/MARC21/slim">
 <record>
  <leader>03399nam a22003857a 4500</leader>
  <controlfield tag="001">NCT_38446</controlfield>
  <controlfield tag="008">180601b        xxu||||| |||| 00| 0 vie d</controlfield>
  <datafield tag="999" ind1=" " ind2=" ">
   <subfield code="c">1857</subfield>
   <subfield code="d">1857</subfield>
  </datafield>
  <datafield tag="020" ind1=" " ind2=" ">
   <subfield code="c">45000</subfield>
  </datafield>
  <datafield tag="082" ind1="0" ind2="4">
   <subfield code="2">23rd ed.</subfield>
   <subfield code="a">725</subfield>
   <subfield code="b">X.502</subfield>
  </datafield>
  <datafield tag="100" ind1="1" ind2=" ">
   <subfield code="a">Tạ Trường Xuân</subfield>
  </datafield>
  <datafield tag="245" ind1="1" ind2="0">
   <subfield code="a">Nguyên lý thiết kế công trình kiến trúc công cộng</subfield>
   <subfield code="c">Tạ Trường Xuân</subfield>
  </datafield>
  <datafield tag="250" ind1=" " ind2=" ">
   <subfield code="a">Tái bản</subfield>
  </datafield>
  <datafield tag="260" ind1=" " ind2=" ">
   <subfield code="a">H.</subfield>
   <subfield code="b">Xây dựng</subfield>
   <subfield code="c">2012</subfield>
  </datafield>
  <datafield tag="300" ind1=" " ind2=" ">
   <subfield code="a">120 tr.</subfield>
   <subfield code="b">minh họa</subfield>
   <subfield code="c">27cm</subfield>
  </datafield>
  <datafield tag="520" ind1="3" ind2=" ">
   <subfield code="a">Giới thiệu ngắn gọn và khúc chiết trong nội dung , các minh họa vẽ tay thoáng đạt, các phân tích quá trình sang tác kiến trúc nhẹ nhàng và cụ thể đã trao cho bạn một kiến thức đầy đủ về công trình kiến thức công cộng</subfield>
  </datafield>
  <datafield tag="653" ind1=" " ind2=" ">
   <subfield code="a">Kiến trúc</subfield>
  </datafield>
  <datafield tag="942" ind1=" " ind2=" ">
   <subfield code="2">ddc</subfield>
   <subfield code="c">BK</subfield>
  </datafield>
  <datafield tag="952" ind1=" " ind2=" ">
   <subfield code="0">0</subfield>
   <subfield code="1">0</subfield>
   <subfield code="2">ddc</subfield>
   <subfield code="4">0</subfield>
   <subfield code="6">725_000000000000000_X_502</subfield>
   <subfield code="7">0</subfield>
   <subfield code="9">9359</subfield>
   <subfield code="a">000001</subfield>
   <subfield code="b">000001</subfield>
   <subfield code="d">2018-06-01</subfield>
   <subfield code="o">725 X.502</subfield>
   <subfield code="p">MD.08636</subfield>
   <subfield code="r">2018-06-01</subfield>
   <subfield code="v">45000.00</subfield>
   <subfield code="w">2018-06-01</subfield>
   <subfield code="y">BK</subfield>
  </datafield>
  <datafield tag="952" ind1=" " ind2=" ">
   <subfield code="0">0</subfield>
   <subfield code="1">0</subfield>
   <subfield code="2">ddc</subfield>
   <subfield code="4">0</subfield>
   <subfield code="6">725_000000000000000_X_502</subfield>
   <subfield code="7">0</subfield>
   <subfield code="9">9360</subfield>
   <subfield code="a">000001</subfield>
   <subfield code="b">000001</subfield>
   <subfield code="d">2018-06-01</subfield>
   <subfield code="l">2</subfield>
   <subfield code="o">725 X.502</subfield>
   <subfield code="p">MD.08637</subfield>
   <subfield code="r">2021-03-25</subfield>
   <subfield code="s">2021-03-16</subfield>
   <subfield code="v">45000.00</subfield>
   <subfield code="w">2018-06-01</subfield>
   <subfield code="y">BK</subfield>
  </datafield>
  <datafield tag="952" ind1=" " ind2=" ">
   <subfield code="0">0</subfield>
   <subfield code="1">0</subfield>
   <subfield code="2">ddc</subfield>
   <subfield code="4">0</subfield>
   <subfield code="6">725_000000000000000_X_502</subfield>
   <subfield code="7">0</subfield>
   <subfield code="9">9361</subfield>
   <subfield code="a">000001</subfield>
   <subfield code="b">000001</subfield>
   <subfield code="d">2018-06-01</subfield>
   <subfield code="o">725 X.502</subfield>
   <subfield code="p">MD.08638</subfield>
   <subfield code="r">2018-06-01</subfield>
   <subfield code="v">45000.00</subfield>
   <subfield code="w">2018-06-01</subfield>
   <subfield code="y">BK</subfield>
  </datafield>
  <datafield tag="952" ind1=" " ind2=" ">
   <subfield code="0">0</subfield>
   <subfield code="1">0</subfield>
   <subfield code="2">ddc</subfield>
   <subfield code="4">0</subfield>
   <subfield code="6">725_000000000000000_X_502</subfield>
   <subfield code="7">0</subfield>
   <subfield code="9">9362</subfield>
   <subfield code="a">000001</subfield>
   <subfield code="b">000001</subfield>
   <subfield code="d">2018-06-01</subfield>
   <subfield code="o">725 X.502</subfield>
   <subfield code="p">MD.08639</subfield>
   <subfield code="r">2018-06-01</subfield>
   <subfield code="v">45000.00</subfield>
   <subfield code="w">2018-06-01</subfield>
   <subfield code="y">BK</subfield>
  </datafield>
  <datafield tag="952" ind1=" " ind2=" ">
   <subfield code="0">0</subfield>
   <subfield code="1">0</subfield>
   <subfield code="2">ddc</subfield>
   <subfield code="4">0</subfield>
   <subfield code="6">725_000000000000000_X_502</subfield>
   <subfield code="7">0</subfield>
   <subfield code="9">9363</subfield>
   <subfield code="a">000001</subfield>
   <subfield code="b">000001</subfield>
   <subfield code="d">2018-06-01</subfield>
   <subfield code="l">1</subfield>
   <subfield code="o">725 X.502</subfield>
   <subfield code="p">MD.08640</subfield>
   <subfield code="r">2019-12-20</subfield>
   <subfield code="s">2019-12-12</subfield>
   <subfield code="v">45000.00</subfield>
   <subfield code="w">2018-06-01</subfield>
   <subfield code="y">BK</subfield>
  </datafield>
  <datafield tag="952" ind1=" " ind2=" ">
   <subfield code="0">0</subfield>
   <subfield code="1">0</subfield>
   <subfield code="2">ddc</subfield>
   <subfield code="4">0</subfield>
   <subfield code="6">725_000000000000000_X_502</subfield>
   <subfield code="7">0</subfield>
   <subfield code="9">9364</subfield>
   <subfield code="a">000001</subfield>
   <subfield code="b">000001</subfield>
   <subfield code="d">2018-06-01</subfield>
   <subfield code="o">725 X.502</subfield>
   <subfield code="p">MD.08641</subfield>
   <subfield code="r">2018-06-01</subfield>
   <subfield code="v">45000.00</subfield>
   <subfield code="w">2018-06-01</subfield>
   <subfield code="y">BK</subfield>
  </datafield>
  <datafield tag="952" ind1=" " ind2=" ">
   <subfield code="0">0</subfield>
   <subfield code="1">0</subfield>
   <subfield code="2">ddc</subfield>
   <subfield code="4">0</subfield>
   <subfield code="6">725_000000000000000_X_502</subfield>
   <subfield code="7">0</subfield>
   <subfield code="9">9365</subfield>
   <subfield code="a">000001</subfield>
   <subfield code="b">000001</subfield>
   <subfield code="d">2018-06-01</subfield>
   <subfield code="o">725 X.502</subfield>
   <subfield code="p">MD.08642</subfield>
   <subfield code="r">2018-06-01</subfield>
   <subfield code="v">45000.00</subfield>
   <subfield code="w">2018-06-01</subfield>
   <subfield code="y">BK</subfield>
  </datafield>
  <datafield tag="952" ind1=" " ind2=" ">
   <subfield code="0">0</subfield>
   <subfield code="1">0</subfield>
   <subfield code="2">ddc</subfield>
   <subfield code="4">0</subfield>
   <subfield code="6">725_000000000000000_X_502</subfield>
   <subfield code="7">0</subfield>
   <subfield code="9">9366</subfield>
   <subfield code="a">000001</subfield>
   <subfield code="b">000001</subfield>
   <subfield code="d">2018-06-01</subfield>
   <subfield code="o">725 X.502</subfield>
   <subfield code="p">MD.08643</subfield>
   <subfield code="r">2018-06-01</subfield>
   <subfield code="v">45000.00</subfield>
   <subfield code="w">2018-06-01</subfield>
   <subfield code="y">BK</subfield>
  </datafield>
  <datafield tag="952" ind1=" " ind2=" ">
   <subfield code="0">0</subfield>
   <subfield code="1">0</subfield>
   <subfield code="2">ddc</subfield>
   <subfield code="4">0</subfield>
   <subfield code="6">725_000000000000000_X_502</subfield>
   <subfield code="7">0</subfield>
   <subfield code="9">9367</subfield>
   <subfield code="a">000001</subfield>
   <subfield code="b">000001</subfield>
   <subfield code="d">2018-06-01</subfield>
   <subfield code="o">725 X.502</subfield>
   <subfield code="p">MD.08644</subfield>
   <subfield code="r">2018-06-01</subfield>
   <subfield code="v">45000.00</subfield>
   <subfield code="w">2018-06-01</subfield>
   <subfield code="y">BK</subfield>
  </datafield>
  <datafield tag="952" ind1=" " ind2=" ">
   <subfield code="0">0</subfield>
   <subfield code="1">0</subfield>
   <subfield code="2">ddc</subfield>
   <subfield code="4">0</subfield>
   <subfield code="6">725_000000000000000_X_502</subfield>
   <subfield code="7">0</subfield>
   <subfield code="9">9368</subfield>
   <subfield code="a">000001</subfield>
   <subfield code="b">000001</subfield>
   <subfield code="d">2018-06-01</subfield>
   <subfield code="o">725 X.502</subfield>
   <subfield code="p">MD.08645</subfield>
   <subfield code="r">2018-06-01</subfield>
   <subfield code="v">45000.00</subfield>
   <subfield code="w">2018-06-01</subfield>
   <subfield code="y">BK</subfield>
  </datafield>
  <datafield tag="952" ind1=" " ind2=" ">
   <subfield code="0">0</subfield>
   <subfield code="1">0</subfield>
   <subfield code="2">ddc</subfield>
   <subfield code="4">0</subfield>
   <subfield code="6">725_000000000000000_X_502</subfield>
   <subfield code="7">0</subfield>
   <subfield code="9">9369</subfield>
   <subfield code="a">000001</subfield>
   <subfield code="b">000001</subfield>
   <subfield code="d">2018-06-01</subfield>
   <subfield code="o">725 X.502</subfield>
   <subfield code="p">MD.08646</subfield>
   <subfield code="r">2018-06-01</subfield>
   <subfield code="v">45000.00</subfield>
   <subfield code="w">2018-06-01</subfield>
   <subfield code="y">BK</subfield>
  </datafield>
  <datafield tag="952" ind1=" " ind2=" ">
   <subfield code="0">0</subfield>
   <subfield code="1">0</subfield>
   <subfield code="2">ddc</subfield>
   <subfield code="4">0</subfield>
   <subfield code="6">725_000000000000000_X_502</subfield>
   <subfield code="7">0</subfield>
   <subfield code="9">9370</subfield>
   <subfield code="a">000001</subfield>
   <subfield code="b">000001</subfield>
   <subfield code="d">2018-06-01</subfield>
   <subfield code="o">725 X.502</subfield>
   <subfield code="p">MD.08647</subfield>
   <subfield code="r">2018-06-01</subfield>
   <subfield code="v">45000.00</subfield>
   <subfield code="w">2018-06-01</subfield>
   <subfield code="y">BK</subfield>
  </datafield>
  <datafield tag="952" ind1=" " ind2=" ">
   <subfield code="0">0</subfield>
   <subfield code="1">0</subfield>
   <subfield code="2">ddc</subfield>
   <subfield code="4">0</subfield>
   <subfield code="6">725_000000000000000_X_502</subfield>
   <subfield code="7">0</subfield>
   <subfield code="9">9371</subfield>
   <subfield code="a">000001</subfield>
   <subfield code="b">000001</subfield>
   <subfield code="d">2018-06-01</subfield>
   <subfield code="o">725 X.502</subfield>
   <subfield code="p">MD.08648</subfield>
   <subfield code="r">2018-06-01</subfield>
   <subfield code="v">45000.00</subfield>
   <subfield code="w">2018-06-01</subfield>
   <subfield code="y">BK</subfield>
  </datafield>
  <datafield tag="952" ind1=" " ind2=" ">
   <subfield code="0">0</subfield>
   <subfield code="1">0</subfield>
   <subfield code="2">ddc</subfield>
   <subfield code="4">0</subfield>
   <subfield code="6">725_000000000000000_X_502</subfield>
   <subfield code="7">0</subfield>
   <subfield code="9">9372</subfield>
   <subfield code="a">000001</subfield>
   <subfield code="b">000001</subfield>
   <subfield code="d">2018-06-01</subfield>
   <subfield code="o">725 X.502</subfield>
   <subfield code="p">MD.08649</subfield>
   <subfield code="r">2018-06-01</subfield>
   <subfield code="v">45000.00</subfield>
   <subfield code="w">2018-06-01</subfield>
   <subfield code="y">BK</subfield>
  </datafield>
  <datafield tag="952" ind1=" " ind2=" ">
   <subfield code="0">0</subfield>
   <subfield code="1">0</subfield>
   <subfield code="2">ddc</subfield>
   <subfield code="4">0</subfield>
   <subfield code="6">725_000000000000000_X_502</subfield>
   <subfield code="7">0</subfield>
   <subfield code="9">9373</subfield>
   <subfield code="a">000001</subfield>
   <subfield code="b">000001</subfield>
   <subfield code="d">2018-06-01</subfield>
   <subfield code="o">725 X.502</subfield>
   <subfield code="p">MD.08650</subfield>
   <subfield code="r">2018-06-01</subfield>
   <subfield code="v">45000.00</subfield>
   <subfield code="w">2018-06-01</subfield>
   <subfield code="y">BK</subfield>
  </datafield>
  <datafield tag="952" ind1=" " ind2=" ">
   <subfield code="0">0</subfield>
   <subfield code="1">0</subfield>
   <subfield code="2">ddc</subfield>
   <subfield code="4">0</subfield>
   <subfield code="6">725_000000000000000_X_502</subfield>
   <subfield code="7">0</subfield>
   <subfield code="9">9374</subfield>
   <subfield code="a">000001</subfield>
   <subfield code="b">000001</subfield>
   <subfield code="d">2018-06-01</subfield>
   <subfield code="o">725 X.502</subfield>
   <subfield code="p">MD.08651</subfield>
   <subfield code="r">2018-06-01</subfield>
   <subfield code="v">45000.00</subfield>
   <subfield code="w">2018-06-01</subfield>
   <subfield code="y">BK</subfield>
  </datafield>
  <datafield tag="980" ind1=" " ind2=" ">
   <subfield code="a">Thư viện Trường Đại học Nam Cần Thơ</subfield>
  </datafield>
 </record>
</collection>
